000 01332nam a22002777a 4500
005 20110810094115.0
008 110810t xxu||||| |||| 00| 0 mar d
010 _aMAR-21212
020 _a8189634976
_c100.00
035 _aMR-13870
037 _bDBAD/PUB
040 _aDPL
_bMR
082 _a891.461
100 _932250
245 _aलोकमानसातील पारंपारिक कोळीगीत /
_cरश्मी शेट्ये तुपे,जगदीश संसारे तथा रामचंद्र वरक
246 _aLokmansatil Paramparik Koligeete
260 _aपुणे
_bस्नेहवर्धन प्रकाशन
_c2009
270 _a863,सदाशिव पेठ,महात्मा फुले सभागृहमागे,
_bपुणे
_e411030
300 _a107पृ.
_c22सेमी(अजिल्द)
650 _932260
700 _aशेट्ये,रश्मी
_932276
700 _aसंसारे,जगदीश
_932277
700 _aवरक,रामचंद्र
_932278
942 _2ddc
_cMR
_h891.461
_mलोकमा
999 _c55172
_d55172